Blaise Cendrars
Na minha lista:
| Autor principal: | |
|---|---|
| Formato: | Livro |
| Idioma: | francês |
| Publicado em: |
París
Pierre Seghers
1948
|
| coleção: | Poetes d'aujourd' hui, 11
|
| Assuntos: | |
| Tags: |
Adicionar Tag
Sem tags, seja o primeiro a adicionar uma tag!
|
MARC
| LEADER | 00000nam a2200000 a 4500 | ||
|---|---|---|---|
| 001 | UCY4326 | ||
| 003 | CL-VaPUC | ||
| 005 | 20230317095133.0 | ||
| 008 | 950309e19480000FR |||||||||||||||||fre|d | ||
| 999 | |c 232214 |d 232212 | ||
| 040 | |c Pontificia Universidad Católica de Valparaíso | ||
| 082 | 0 | 4 | |a 841.09 |b PAR |2 21 |
| 100 | |a Parrot, Louis |e auteur |9 332741 | ||
| 245 | 1 | 0 | |a Blaise Cendrars |
| 260 | |a París |b Pierre Seghers |c 1948 | ||
| 300 | |a 210 p | ||
| 490 | 0 | |a Poetes d'aujourd' hui, 11 | |
| 583 | |a last modification |c 19950309 00:00:00 |k Rodrigo Vera | ||
| 600 | |a Cendrars, Blaise |d 1887-1961 |9 880767 | ||
| 650 | 0 | |a Poesías francesas |9 265467 | |
| 942 | |c BK |2 ddc | ||
| 945 | |d 19950309 00:00:00 |a mfernand | ||
| 952 | |0 0 |1 0 |4 0 |6 841_090000000000000_PAR_1948 |7 0 |8 P |9 236310 |a BIBART |b BIBART |d 2019-11-15 |i 3062287 |o 841.09 PAR 1948 |p 3062287 |r 2025-03-13 |w 2019-11-15 |y BK |k ART | ||